Methods of Teaching Educational Psychology (Record no. 55103)
[ view plain ]
| 000 -LEADER | |
|---|---|
| fixed length control field | 00630nam a2200181Ia 4500 |
| 001 - CONTROL NUMBER | |
| control field | 55167 |
| 008 - FIXED-LENGTH DATA ELEMENTS--GENERAL INFORMATION | |
| fixed length control field | 120726n ii |||gr||||Z||||||465 |
| 020 ## - INTERNATIONAL STANDARD BOOK NUMBER | |
| International Standard Book Number | 8171418201 |
| 082 ## - DEWEY DECIMAL CLASSIFICATION NUMBER | |
| Classification number | 370.15 |
| 245 #0 - TITLE STATEMENT | |
| Title | Methods of Teaching Educational Psychology |
| Statement of responsibility, etc. | M. Alice Raj Kumari , D.Rita Suguna Sundari & Digumarti Bhaskara Rao |
| Medium | Textual Documents |
| 260 ## - PUBLICATION, DISTRIBUTION, ETC. | |
| Place of publication, distribution, etc. | New Delhi: |
| Name of publisher, distributor, etc. | Discovery Publishing House, |
| Date of publication, distribution, etc. | 2010. |
| 300 ## - PHYSICAL DESCRIPTION | |
| Extent | 321pg: |
| Dimensions | 23cm. |
| 653 ## - INDEX TERM--UNCONTROLLED | |
| Uncontrolled term | Psychology |
| 653 ## - INDEX TERM--UNCONTROLLED | |
| Uncontrolled term | G- Education |
| 653 ## - INDEX TERM--UNCONTROLLED | |
| Uncontrolled term | Deptt- Education |
| 700 ## - ADDED ENTRY--PERSONAL NAME | |
| Personal name | Raj Kumari, M. Alice , Sundari, .D.Rita Suguna & Rao, .Digumarti Bhaskara ., |
| Relator term | Author. |
| 942 ## - ADDED ENTRY ELEMENTS (KOHA) | |
| Source of classification or shelving scheme | Dewey Decimal Classification |
| Koha item type | Books |
| Withdrawn status | Lost status | Damaged status | Not for loan | Collection | Home library | Current library | Shelving location | Date acquired | Source of acquisition | Coded location qualifier | Cost, normal purchase price | Total checkouts | Full call number | Barcode | Date last seen | Copy number | Price effective from | Koha item type | Public note |
|---|---|---|---|---|---|---|---|---|---|---|---|---|---|---|---|---|---|---|---|
| Dr. Suryya Kumar Bhuyan Library | Dr. Suryya Kumar Bhuyan Library | 26/07/2012 | ED | 00000 | 650.00 | 370.15 Ku 96 Me | 1335/Edn | 14/01/2024 | 2 | 26/07/2012 | Books | ED | |||||||
| Dr. Suryya Kumar Bhuyan Library | Dr. Suryya Kumar Bhuyan Library | 26/07/2012 | ED | 00000 | 650.00 | 370.15 Ku 96 Me | 1334/Edn | 14/01/2024 | 1 | 26/07/2012 | Books | ED |
